Hoofdsteden landen Europa en transcontinentale landen - Statistieken

Algemene statistieken
  • Deze quiz is 132 keer genomen
  • De gemiddelde score is 35 van 50
Antwoordstatistieken
Hint Antwoord % Correct
België Brussel
94%
Spanje Madrid
91%
Nederland Amsterdam
88%
Duitsland Berlijn
88%
Verenigd Koninkrijk Londen
88%
Luxemburg Luxemburg
88%
Frankrijk Parijs
88%
Italië Rome
88%
Ierland Dublin
85%
Finland Helsinki
85%
Griekenland Athene
82%
Noorwegen Oslo
82%
Zweden Stockholm
82%
Oekraïne Kiev
79%
Portugal Lissabon
79%
Denemarken Kopenhagen
76%
Rusland Moskou
76%
Tsjechië Praag
76%
Vaticaanstad Vaticaanstad
76%
Polen Warschau
76%
Oostenrijk Wenen
76%
Zwitserland Bern
74%
Monaco Monaco
74%
Ijsland Reykjavik
74%
San Marino San Marino
71%
Estland Tallinn
71%
Albanië Tirana
71%
Turkije Ankara
68%
Letland Riga
68%
Bulgarije Sofia
68%
Hongarije Boedapest
65%
Roemenië Boekarest
65%
Bosnië en Herzegovina Sarajevo
62%
Litouwen Vilnius
62%
Kroatië Zagreb
62%
Andorra Andorra la Vella
59%
Slowakije Bratislava
59%
Wit-Rusland Minsk
59%
Noord-Macedonië Skopje
59%
Slovenië Ljubljana
56%
Servië Belgrado
53%
Moldavië Chisinau
53%
Cyprus Nicosia
53%
Kosovo Pristina
53%
Malta Valletta
53%
Liechtenstein Vaduz
50%
Azerbeidzjan Bakoe
47%
Montenegro Podgorica
47%
Georgië Tbilisi
44%
Kazachstan NurSultan
41%
Geen overeenkomende quizzen gevonden
Scoreverdeling
Procent van Mensen met Elke Score
Percentiel versus Aantal Correcte Antwoorden
Uw Scoregeschiedenis
U heeft deze quiz nog niet genomen